000
00198nam a22000857a 4500
001
1236040
005
20251001121238.0
245
_a
BEBEK ANNEM
_c
BEHİÇ AK
260
_b
GÜNIŞIĞI KİTAPLIĞI YAYINLARI
999
_c
1236040
_d
1236040